Responses for Show #5862 - Tuesday, February 23, 2010

Contestants

[<< previous game]

Stewart Yeargin, a restaurant owner from Greenville, South Carolina

Tom Toce, an actuary from New York, New York

Ginny Bartlett, a parish administrator from Bath, Maine (whose 1-day cash winnings total $16,000)

[next game >>]

Jeopardy! Round responses

THE SANCTITY OF MARRIAGES
BASEBALL HALL OF FAMERS' TEAMS
(Alex: You identify the team for us.)
TOWERS
STATE FAIR FOODS
VEGAS CASINOS
IT'S 2-LETTER TIME
    $200 7
Henry VIII

Tom
    $200 8
Brooklyn

Tom
    $200 4
Spain

Ginny
    $200 21
s'mores

Stewart
    $200 26
New York New York

Tom
    $200 1
or

Stewart
    $400 15
Brigham Young

Stewart
    $400 9
Pittsburgh Pirates

Tom
    $400 5
Paris

Ginny
    $400 22
(Stewart: What are onions?)

mashed potatoes

GinnyStewart
    $400 27
Caesars (Palace)

Tom
    $1,000 2
ti

Stewart
    $600 16
Solomon

Tom
    $600 10
the Orioles

Tom
    $600 6
(Alex: Those towers, near the waterfront in [*].)

Chicago

Triple Stumper
    $600 23
funnel cake

Tom
    $600 28
Excalibur

Stewart
    $600 3
Jo

Ginny
    $800 17
Muhammad

Tom
    $800 11
the Cleveland Indians

Tom
    $800 13
Argentina

Stewart
    $800 24
frog legs

Tom
    $800 29
(Stewart: What is the Hard Rock Cafe?)
[Originally accepted as correct; reversed before Double Jeopardy!]

the Hard Rock Hotel & Casino

Stewart
Triple Stumper
    $800 19
go

Tom
    $1000 18
Idi Amin

Stewart
    $1000 12
(Tom: [*].)
[Applause begins for Tom's run of the category.]
(Alex: Who are [*]?)
[Tom smiles.]

the Detroit Tigers

Tom
    $1000 14
Deutsche Bank

Stewart
    $1000 25
(Ginny: What is barbecue?)
(Stewart: What is alligator meat?)
...
(Alex: Less than a minute now, Tom.)

bacon

GinnyStewart
Triple Stumper
    $1000 30
(Tom: What is the Copacabana?)

the Tropicana

Tom
Triple Stumper
    $1000 20
Da

Ginny

Scores at the first commercial break (after clue 15):

Ginny Tom Stewart
$1,200 $3,200 $3,400

Scores at the end of the Jeopardy! Round:

Ginny Tom Stewart
$1,600 $6,400 $3,000

Double Jeopardy! Round responses

INTERNET FAVORITES
YOU TUBE
FLICK ARRR!
EPIC CURIOUS
INFO PLEASE
"YA"HOO!
    $400 22
Encyclopedia Britannica

Ginny
    $400 5
(Tom: What is the heart?)

the brain

TomStewart
    $400 9
Pirates of the Caribbean

Stewart
    $400 3
Beowulf

Tom
    $400 14
5,280

Tom
    $400 1
a yacht

Tom
    $800 23
BBC

Stewart
    $800 10
(Ginny: Uh, what is Captain Hook?)

Hook

GinnyTom
    $800 4
Lonesome Dove

Ginny
    $800 15
(Alex: The Bushes and our first president.)

3

Stewart
    $800 2
Yahweh

Stewart
    $1200 24
The Drudge Report

Stewart
    $1200 11
The Princess Bride

Tom
    $1200 6
(Tom: What is Hindi?)

Sanskrit

TomStewart
    $1200 16
(Ginny: What is "Bridge Over Troubled Waters"?)
(Alex: Yes. Nope, sorry.)

"Bridge Over Troubled Water"

Ginny
Triple Stumper
    $1200 19
Yakima

Tom
    $1600 25
photographs (or images)

Tom
    $3,000 12
The Pirates of Penzance

Tom
    $2,000 7
the Crusades

Stewart
    $1600 17
(Stewart: Uh, what is Ways and Means?)
(Ginny: What's the Office of Budget Management?)
...
(Alex: Yes, Ginny, you should go with your initial instinct.)

Appropriations

GinnyStewart
Triple Stumper
    $1600 20
yakitori

Stewart
    $2000 26
[The end-of-round signal sounds.]

The Smoking Gun

Triple Stumper
    $2000 13
Dodgeball

Stewart
    $2000 8
(Alex: You knew that, Ginny?)
(Ginny: I did.)
(Alex: You should've rung in.)

Homer

Triple Stumper
    $2000 18
Interpol

Tom
    $2000 21
(Alex: Less than a minute to go now, Stewart.)

a yashmak

Triple Stumper

Scores at the end of the Double Jeopardy! Round:

Ginny Tom Stewart
-$800 $15,800 $12,600

[wagering suggestions for these scores]

Final Jeopardy! Round responses

MONARCHS
(Alex: Even though it wasn't Russia, it was Bulgaria, he was the [*] of that country for a short while. Deposed in 1946, I believe.)
StewartWhat is crown prince
$12,597
TomWhat is crown prince?
$9,400
czar

Final scores:

Ginny Tom Stewart
-$800 $6,400 $3
3rd place: $1,000 New champion: $6,400 2nd place: $2,000

Game dynamics:

Coryat scores:

Ginny Tom Stewart
-$800 $14,400 $11,600
7 R,
4 W
22 R
(including 1 DD),
3 W
18 R
(including 2 DDs),
4 W

Combined Coryat: $25,200

[game clues] [game scores] [suggest correction]

Game tape date: 2009-12-07
The J! Archive is created by fans, for fans. Scraping, republication, monetization, and malicious use prohibited; this site may use cookies and collect identifying information. See terms. The Jeopardy! game show and all elements thereof, including but not limited to copyright and trademark thereto, are the property of Jeopardy Productions, Inc. and are protected under law. This website is not affiliated with, sponsored by, or operated by Jeopardy Productions, Inc. Join the discussion at JBoard.tv.